Science Quiz

Random Science or Discovery Quiz
Score 0/13 Timer 02:00
13 Plays Today
% Correct
Einstein
General Relativity
86.5%
Newton
Universal Gravitation
83.1%
Hawking
Radiation from
black holes
73.2%
Faraday
Electromagnetic
Induction
71.7%
Copernicus
Heliocentrism
70.7%
Galileo
Jupiter's Moons
68.9%
Kepler
Planetary Motion
63.3%
Hahn & Strassman
Nuclear Fission
62.3%
Becquerel
Radioactivity
61.8%
Hubble - Expanding Universe
59.6%
Cavendish - Hydrogen
49.1%
Dalton
Atomic Theory
45.9%
Lavoisier
Conservation of Mass
43.4%

You're not logged in!

Compare scores with friends on all Sporcle quizzes.
OR
Log In

Sporcle TV

Today on Sporcle TV


Watch our educational content, quiz creation guides, and fun videos on Sporcle TV.

Show Comments

Extras

Top Quizzes Today


Score Distribution

Your Account Isn't Verified!

In order to create a playlist on Sporcle, you need to verify the email address you used during registration. Go to your Sporcle Settings to finish the process.

Report this User

Report this user for behavior that violates our Community Guidelines.

Details: